Dream On Lyrics - Statistics

General Stats
  • This quiz has been taken 105 times
  • The average score is 12 of 16
Answer Stats
Line Words % Correct
Every time when I look in the ____ Mirror
95%
I know nobody knows, Where it comes and where it _____ Goes
85%
Dream Until your dreams come ___ ....... Repeat And Fade True
85%
All these lines on my face getting ___ Clearer
83%
_____ ___ Dream On, Dream On, Dream On Dream On
83%
Yeah, sing with me, sing for the year Sing for the laughter, sing for the tear Sing with me, just for today Maybe tomorrow, the good Lord will take you _____ Away
80%
Sing with me, just for today Maybe ______, the good Lord will take you away Tomorrow
80%
You know it's true, oh All these feelings come back to _____ You
73%
Half my life Is books, written ____ Pages
71%
You got to lose to know how to ___ Win
70%
Isn't that the way, Everybody's got the ____ in life to pay Dues
68%
Live and learn from fools and From _____ Sages
66%
Sing for the laughter, sing for the _____ Tears
66%
Sing with me, sing for the ____ Years
60%
The past is gone It went by, like ____ ___ _____ Dusk To Dawn
49%
I know it's everybody ___ Sin
48%
No matching quizzes found
Score Distribution
Percent of People with Each Score
Percentile by Number Answered
Your Score History
You have not taken this quiz